|
|
|
|
| LEADER |
00000nab a2200000 a 4500 |
| 001 |
vtls009089038 |
| 003 |
SK-MaSNL |
| 005 |
20260303182413.0 |
| 008 |
070824c20070608xo dr n 000 00slo |
| 038 |
|
|
|a SVKPOCL
|
| 040 |
|
|
|a SVKPOCL
|b slo
|c AACR2
|e AACR2
|
| 041 |
|
|
|a slo
|
| 044 |
|
|
|a xo
|c SK
|
| 080 |
|
|
|a 27-548.5
|2 2001
|
| 080 |
|
|
|a 2-051
|2 2001
|
| 100 |
1 |
|
|a Hybáčková, Beáta
|4 ivr
|4 aut
|9 422286
|
| 245 |
1 |
0 |
|a Exorcista
|b gréckokatolícky kňaz Jozef Maretta vstupuje do dialógu s diablom a dáva pokyn, aby odišla zlá sila
|c [zhovárala sa] Beáta Hybáčková ; foto: Peter Ličák
|
| 300 |
|
|
|a Fotogr.
|
| 500 |
|
|
|a Článok prevzatý z týždenníka Život
|
| 600 |
1 |
7 |
|a Maretta, Jozef
|d 1965-
|2 svkpocl
|9 326663
|
| 650 |
0 |
7 |
|a exorcizmus
|2 svkpocl
|9 2019
|
| 651 |
|
7 |
|a Prešov (Slovensko)
|2 svkpocl
|9 17347
|
| 700 |
1 |
|
|a Maretta, Jozef,
|d 1965-
|4 ive
|4 aut
|9 326663
|
| 700 |
1 |
|
|a Ličák, Peter
|4 pht
|9 728430
|
| 773 |
0 |
|
|t Prešovský večerník
|g Roč. XVIII, č. 4216 (8.6.2007), s. [12-13]
|x 1336-4030
|
| 852 |
|
|
|a SVKPO
|b KIS3GCP
|
| 856 |
4 |
1 |
|u www.vecernik.po.sk
|
| 958 |
|
|
|a RG
|
| 999 |
|
|
|c 2116823
|d 2118753
|